Loading...

आधुनिक हिन्दी कविता

Bibliographic Details
Main Author: तिवारी, विसवनाद
Other Authors: Thiwari, Vishwanath Prasad
Format: Printed Book
Published: New Delhi Lokhbarathi 2012
Subjects:
LEADER 00605nam a22001577a 4500
020 |a 978 81 8031 533 6 
082 |a 891.431 09 
100 |a तिवारी, विसवनाद  
245 |a आधुनिक हिन्दी कविता  
260 |a New Delhi  |b Lokhbarathi  |c 2012 
300 |a 147p. 
650 |a Adhunik Hindi Kavitha  |a Hindi poetry- criticism 
700 |a Thiwari, Vishwanath Prasad 
942 |c BK 
999 |c 32738  |d 32738 
952 |0 0  |1 0  |4 0  |6 891_431000000000000_09  |7 0  |8 Stack  |9 34609  |a KUCL  |b KUCL  |c Stack  |d 2015-06-08  |g 195.00  |l 2  |o 891.431 09  |p 38664  |r 2016-02-09  |s 2016-01-08  |w 2015-06-08  |y BK